[Event "Kragero Resort Chess A 2019"]
[Site "Kragero"]
[Date "2019.02.24"]
[Round "9.16"]
[White "Doluhanova, Evgeniya"]
[Black "Skotheim, Andreas"]
[Result "1/2-1/2"]
[WhiteElo "2348"]
[BlackElo "2168"]
[Annotator "TA"]
[PlyCount "106"]
[EventDate "2019.02.20"]
[EventType "swiss"]
[EventCountry "NOR"]
[SourceTitle "playchess.com"]
[Source "ChessBase"]
[SourceQuality "1"]

{[%evp 14,106,-6,-15,-15,-18,-12,-15,-21,-18,-2,-25,5,-28,0,-16,-14,-26,-5,-48,-47,-46,-50,-106,-104,-106,-98,-132,-142,-191,-192,-189,-189,-172,-185,-139,-94,-82,-73,-135,-136,-100,-21,-21,-30,-9,-8,-12,-2,-2,-4,-91,19,-146,-151,-164,-145,-274,-264,-415,0,0,0,0,0,0,0,0,0,0,0,0,0,0,0,0,0,0,0,0,0,0,0,-66,0,-194,-165,-193,-153,-326,-323,-421,-299,-299,0]} 1. Nf3 Nf6 2. b3 b6 3. Bb2 d5 4. e3 e6 5. Be2 Be7 6. Ne5 Bb7 7. O-O O-O 8. f4 c5 {A06: Réti Opening:1 Nf3 d5} 9. d3 Nc6 10. Nxc6 Bxc6 {The position is equal.} 11. Nd2 Nd7 12. e4 f5 $146 ({Predecessor:} 12... dxe4 13. dxe4 Nf6 14. Bd3 Qd7 15. Qe2 Rfd8 16. Rad1 Qb7 17. Rde1 Rd7 18. Nc4 Bb5 19. f5 exf5 20. Rxf5 Rad8 21. e5 Ne8 22. e6 {1-0 (22) Emodi,G (2335)-Deak,S (2385) Debrecen 1993}) 13. e5 Qc7 14. Bf3 b5 15. Qe2 d4 16. c3 dxc3 17. Bxc3 Nb6 18. d4 ({Better is} 18. Ba5 $15) 18... Rfd8 $17 19. Rac1 Nd5 20. Bxd5 Rxd5 21. dxc5 Bxc5+ 22. Kh1 Rad8 {Threatens to win with ...b4.} 23. b4 Bb6 24. Nb3 Qd7 25. Be1 Bb7 26. Bh4 ({White should play} 26. Bf2) 26... Rc8 27. Rxc8+ Bxc8 (27... Qxc8 $17 28. Rc1 Qd7) 28. h3 $11 Bb7 29. Kh2 Rd3 30. Bf2 $1 Qd5 {[%csl Gb7][%cal Rd5g2]} 31. Bxb6 axb6 32. Rc1 (32. Rf3 $1 $11 {was the only way to keep the balance.} Rxf3 33. Qxf3) 32... Re3 {[#]} (32... Qe4 $1 $17 {[%cal Re4e2]} 33. Qxe4 fxe4) 33. Qf2 $2 {[#]} (33. Rc8+ $1 $11 {[%mdl 512]} Bxc8 34. Qxe3) 33... Qe4 $1 $17 34. Rc2 g5 $1 35. Rd2 (35. Nc1 $17) 35... Bd5 $19 (35... gxf4 36. Rd8+ Kf7 37. Nd2 $16) 36. Nd4 {[#]} (36. Nc1 {was necessary.}) 36... Bc4 $2 (36... g4 $1 $19 {( -> ...Rxh3+!)} 37. hxg4 fxg4) 37. Nc2 $36 {[%mdl 2048] White has the initiative.} Rd3 38. Rxd3 Bxd3 39. Qd4 Bxc2 40. Qd8+ {[%mdl 64] Double Attack} Kf7 41. Qf6+ Ke8 42. Qxe6+ {[%mdl 64] Double Attack} Kf8 43. Qf6+ Ke8 44. Qh8+ Kd7 45. Qxh7+ Kc6 46. Qg6+ Kd5 47. Qxg5 {aiming for h4.} Kc4 48. a3 (48. h4 $11 Bd1 49. Kh1) 48... Kb3 (48... Bd1 $1 $15) 49. Qg3+ $2 (49. h4 $1 $11 Bd1 50. h5 Bxh5 51. Qxh5 Qxf4+ 52. g3 Qxe5 53. Qf3+ Ka2 54. Kg2) 49... Ka4 $19 50. h4 {h5 is the strong threat.} Bd1 51. Kg1 $2 (51. Qg5 $17 {was the only defense.}) 51... Bg4 52. Kf1 Qe2+ 53. Kg1 Qe4 $2 {Accuracy: White = 39%, Black = 61%.} (53... Qb2 $19 54. Qf2 Qxa3) 1/2-1/2

[Event "Kragero Resort Chess A 2019"]
[Site "Kragero"]
[Date "2019.02.24"]
[Round "9.17"]
[White "Vestby-Ellingsen, Mads"]
[Black "Getz, Nicolai"]
[Result "0-1"]
[WhiteElo "2343"]
[BlackElo "2398"]
[Annotator "TA"]
[PlyCount "76"]
[EventDate "2019.02.20"]
[EventType "swiss"]
[EventCountry "NOR"]
[SourceTitle "playchess.com"]
[Source "ChessBase"]
[SourceQuality "1"]

{[%evp 19,76,49,53,42,37,-32,-25,-68,-58,-60,-62,-90,-95,-91,-84,-65,-10,-93,-96,-178,-185,-229,-226,-297,-280,-266,-278,-358,-312,-417,-432,-429,-447,-429,-427,-484,-292,-390,-379,-510,-478,-529,-526,-850,-827,-1276,-392,-1284,-1290,-1171,-1129,-1343,-1355,-1259,-1196,-1238,-1262,-4822,-4133]} 1. e4 e5 2. Nf3 Nc6 3. Bb5 a6 4. Ba4 Nf6 5. O-O b5 6. Bb3 Bb7 7. Re1 Bc5 8. c3 d6 9. d4 Ba7 {C78: Ruy Lopez: Archangelsk and Möller Defences} (9... Bb6 10. Be3 O-O 11. Nbd2 h6 12. h3 Re8 13. d5 Ne7 14. Bxb6 cxb6 15. a4 bxa4 16. Bxa4 b5 17. Bc2 Qb6 18. Bd3 Bc8 19. b4 Bd7 20. c4 bxc4 21. Nxc4 {0-1 (52) Alekseenko,K (2638)-Grischuk,A (2771) St Petersburg 2018}) 10. a4 O-O {LiveBook: 4 Games} 11. axb5 axb5 {White is slightly better.} 12. Be3 $146 (12. Bg5 $14) ({Predecessor:} 12. Bg5 h6 13. Bh4 g5 14. Nxg5 hxg5 15. Bxg5 exd4 16. Rxa7 Rxa7 17. cxd4 {0-1 (24) Topi Hulmi,T (2266)-Rantanen,Y (2355) Finland 2010}) 12... Nxe4 $15 13. Qd3 d5 14. Qxb5 Nd6 15. Qf1 e4 16. Nfd2 Ne7 17. Na3 f5 (17... Ndf5 $15) 18. Bf4 (18. g3 $11 {keeps the balance.}) 18... c6 $17 19. Bxd6 (19. Nc2 $17 {was called for.}) 19... Qxd6 $19 20. f4 {[#]} g5 $1 {[%mdl 512]} 21. fxg5 Bb8 22. g3 Qg6 23. Kh1 Qxg5 24. Qg2 Kh8 25. Nc2 Rxa1 26. Rxa1 Ng6 (26... f4 $2 27. gxf4 Qh4 28. Qg5 $17 (28. Rg1 $2 Rg8 $19)) 27. Nb4 h5 {[%cal Bh7h5,Bh5h4][%mdl 32]} (27... f4 $2 28. gxf4 Qxg2+ 29. Kxg2 $19) 28. Nf1 h4 29. Na6 Bd6 30. Nc5 Bc8 ({Not} 30... Bxc5 31. dxc5 f4 32. gxf4 $17) 31. Bc2 f4 {[%cal Rf4g3]} 32. gxf4 Qxg2+ 33. Kxg2 Nxf4+ {Black is clearly winning.} 34. Kh1 Bg4 {( -> ...Bf3+)} 35. Bd1 Ne2 36. Bxe2 Bxe2 37. Kg1 Bxf1 38. Rxf1 {[#]} Bxh2+ $1 {[%mdl 512] Precision: White = 14%, Black = 89%.} 0-1

[Event "Kragero Resort Chess A 2019"]
[Site "Kragero"]
[Date "2019.02.24"]
[Round "9.18"]
[White "Sgircea, Silvia-Raluca"]
[Black "Holleland, Sigve"]
[Result "1-0"]
[WhiteElo "2251"]
[BlackElo "2009"]
[Annotator "TA"]
[PlyCount "43"]
[EventDate "2019.02.20"]
[EventType "swiss"]
[EventCountry "NOR"]
[SourceTitle "playchess.com"]
[Source "ChessBase"]
[SourceQuality "1"]

{[%evp 9,43,14,48,52,49,53,64,50,89,83,87,107,324,153,321,180,224,212,540,540,568,588,772,781,863,838,833,825,810,809,916,909,903,870,1020,697]} 1. Nf3 d5 2. g3 Nf6 3. Bg2 c6 4. c4 Bg4 5. cxd5 Nxd5 {LiveBook: 8 Games} (5... Bxf3 6. Bxf3 cxd5 7. d4 e6 8. Nc3 Nc6 9. e3 Be7 10. O-O O-O 11. Bd2 Rc8 12. Rc1 Nd7 13. Ne2 Qb6 14. Bc3 Bb4 {0-1 (38) Wen,Y (2573)-Wang,H (2713) China 2015}) 6. O-O {A11: English Opening: 1...c6} Nd7 7. d4 e6 8. Nc3 {White is slightly better.} N7f6 9. Re1 $146 ({Predecessor:} 9. h3 Bf5 10. Nh4 Nxc3 11. bxc3 Be4 12. f3 Bd5 {0-1 (78) Nikolaev,A (1976)-Tsepennikova,T (2124) Berdsk 2008}) 9... Nxc3 10. bxc3 Ne4 $2 {[#]} (10... Nd7 $16 {is a better defense.}) 11. Qb3 (11. Ne5 $18 Bf5 12. g4) 11... Qb6 $2 (11... Bxf3 $16 12. Bxf3 (12. exf3 Nd6 $16) 12... Nd6) 12. Qc2 (12. Ne5 $142) 12... Bf5 13. Nh4 Nxc3 $2 (13... Nd6 {is tougher.} 14. Nxf5 Nxf5) 14. Nxf5 $18 {White is clearly winning.} ({Weaker is} 14. Qxc3 Bb4 $16) 14... exf5 15. Qxc3 {[#] And now Rb1! would win.} O-O-O 16. Qc2 Bb4 17. Qxf5+ Kb8 18. Bf4+ Ka8 19. Red1 Rxd4 20. Be3 Rxd1+ 21. Rxd1 Qa6 22. Qd7 {Precision: White = 52%, Black =  9%.} 1-0

[Event "Kragero Resort Chess A 2019"]
[Site "Kragero"]
[Date "2019.02.24"]
[Round "9.19"]
[White "Kazarian, Anna-Maja"]
[Black "Schouten, Mathias Lind"]
[Result "1-0"]
[WhiteElo "2189"]
[BlackElo "1943"]
[Annotator "TA"]
[PlyCount "63"]
[EventDate "2019.02.20"]
[EventType "swiss"]
[EventCountry "NOR"]
[SourceTitle "playchess.com"]
[Source "ChessBase"]
[SourceQuality "1"]

{[%evp 20,63,29,39,72,64,79,70,97,87,109,90,94,87,96,77,156,164,173,180,175,138,133,123,123,125,173,135,187,175,189,218,226,238,229,225,227,160,172,162,165,164,155,132,816,811]} 1. e4 e6 2. d4 d5 3. e5 c5 4. c3 Nc6 5. Nf3 Qb6 6. a3 Bd7 7. b4 cxd4 8. cxd4 Nge7 9. Nc3 Nf5 10. Na4 Qc7 11. Bb2 a6 {C02: French: Advance Variation} 12. Bd3 Be7 13. O-O O-O {White is slightly better.} 14. Rc1 f6 {[#]} 15. Qc2 $146 ({Predecessor:} 15. Bxf5 exf5 16. Re1 Rad8 17. Nc5 Bc8 18. Qa4 Qb6 19. Nxa6 fxe5 20. dxe5 {1-0 (32) Kunte,A (2568)-Deshmukh,A (2313) Kolkata 2001}) 15... Qd8 16. Bxf5 ({Much worse is} 16. g4 $6 fxe5 17. gxf5 (17. dxe5 Nh6 $15) 17... e4 $11) 16... exf5 17. Nc5 fxe5 (17... Bc8 $142) 18. Nxb7 $16 ({Don't take} 18. dxe5 $6 Bxc5 19. Qxc5 Be6 $14) 18... Qb6 19. Nc5 Bxc5 20. bxc5 Qc7 {...e4 would now be nice for Black.} 21. Nxe5 Nxe5 22. dxe5 Be6 23. c6 Rfc8 (23... f4 $16 {was necessary.} 24. f3 Qb6+ 25. Qf2 Qxf2+ 26. Rxf2 Rac8) 24. Qc5 Rab8 25. Bd4 Rb5 26. Qd6 Kf7 27. a4 {[%cal Ba3a4,Ba4a5][%mdl 32]} Rb3 28. Qxc7+ Rxc7 {[#]} 29. a5 $1 Rb4 {[#]} 30. Bb6 $1 {[%cal Rb6c7]} Rc8 31. Rfd1 Ke7 $2 {[%mdl 8192]} (31... f4 $16 32. c7 Re4) 32. Bc5+ {[%mdl 64] Double Attack. Accuracy: White = 76%, Black = 30%.} 1-0

[Event "Kragero Resort Chess A 2019"]
[Site "Kragero"]
[Date "2019.02.24"]
[Round "9.20"]
[White "Gonzalez, Francisco Silva"]
[Black "Fossan, Aleksander"]
[Result "0-1"]
[WhiteElo "2142"]
[BlackElo "2040"]
[Annotator "TA"]
[PlyCount "82"]
[EventDate "2019.02.20"]
[EventType "swiss"]
[EventCountry "NOR"]
[SourceTitle "playchess.com"]
[Source "ChessBase"]
[SourceQuality "1"]

{[%evp 9,82,25,25,22,39,12,2,9,26,21,53,50,50,19,49,6,20,8,38,22,33,0,9,-7,-4,-50,-8,-13,-2,-7,-10,-69,-67,-66,-64,-107,-60,-87,-96,-87,-84,-196,-191,-366,-364,-779,-778,-893,-900,-927,-816,-814,-816,-796,-786,-860,-777,-774,-765,-847,-790,-788,-787,-776,-776,-1081,-1041,-5122,-5122,-5118,-5114,-29979,-1252,-29980,-829]} 1. d4 d6 2. e4 Nf6 3. Nc3 e5 4. Nf3 Nbd7 5. h3 Be7 6. Bc4 {C41: Philidor Defence} Nb6 $146 ({Predecessor:} 6... O-O 7. Be3 c6 8. O-O b5 9. Bd3 a6 10. dxe5 dxe5 11. Ne2 c5 12. c3 c4 13. Bc2 Bb7 14. Ng3 Qc7 {½-½ (71) Cao,S (2545)-Varga,Z (2592) Budapest 2004}) 7. Bd3 exd4 8. Nxd4 {The position is equal.} O-O 9. O-O d5 10. e5 Ne8 11. Bf4 c5 12. Nf3 (12. Qh5 $2 g6 $19) 12... Nc7 13. Bg3 Ne6 14. Re1 Bd7 15. a4 d4 16. Ne4 Nxa4 17. Qc1 Nb6 {[%cal Ba4b6,Bb6d5,Bd5f4][%mdl 32]} 18. Nf6+ Bxf6 ({But not} 18... gxf6 $2 19. exf6 Bb5 20. fxe7 $18 (20. Bxb5 Bxf6 21. Bd3 Bg7 $16)) 19. exf6 Qxf6 20. b3 ({Better is} 20. Be4 $1 $11) 20... Bc6 $15 21. Ne5 Nd5 22. Kh2 Ndf4 23. Ng4 Qg5 24. Bf1 Ng6 25. f4 (25. Qxg5 $17 {might work better.} Nxg5 26. Ne5 Nxe5 27. Rxe5) 25... Nexf4 $19 {[#] Hoping for ...Rae8.} 26. b4 $2 (26. Ne5 $1 {[%mdl 512]}) 26... cxb4 {[#]} 27. Qb2 $2 (27. Ne5 $1 {[%mdl 512]} Qf6 (27... Nxe5 28. Bxf4) 28. Nxc6 bxc6 29. Bc4) 27... h5 28. Qxb4 hxg4 29. Ra5 Qf6 30. hxg4 Nd5 31. Qd2 Ne3 32. Bd3 Nxg4+ 33. Kg1 Ne3 34. Rh5 Bxg2 35. Rxe3 dxe3 36. Qxg2 Rfe8 37. Qh2 Rad8 {White must now prevent ...Rxd3!} 38. Be1 {[#]} Rxd3 $1 {[%mdl 64] Remove Defender} 39. cxd3 e2 {[%csl Ge2][%cal Rf6f1]} 40. Qg3 Qf1+ 41. Kh2 {[#]} Qf4 {Accuracy: White = 19%, Black = 54%.} (41... Ne5 $142 $1 42. Rxe5 Rxe5 43. Qxe5 Qxe1 44. Qb8+ Kh7 45. Qf4 Qf1 46. Qh4+ Kg6 47. Qg4+ Kf6 48. Qd4+ Kf5 49. Qd5+ Kg4 50. Qd7+ Qf5 51. Qxf5+ Kxf5 52. Kg3 e1=Q+ 53. Kf3 g5 54. d4 g4+ 55. Kg2 g3 56. Kh3 Qf2 57. Kh4 Qh2#) 0-1

[Event "Kragero Resort Chess A 2019"]
[Site "Kragero"]
[Date "2019.02.24"]
[Round "9.21"]
[White "Abdrlauf, Elham"]
[Black "Rishovd, Svein"]
[Result "0-1"]
[WhiteElo "2105"]
[BlackElo "2116"]
[Annotator "TA"]
[PlyCount "86"]
[EventDate "2019.02.20"]
[EventType "swiss"]
[EventCountry "NOR"]
[SourceTitle "playchess.com"]
[Source "ChessBase"]
[SourceQuality "1"]

{[%evp 20,86,-10,-12,0,-14,0,0,0,0,0,0,0,0,0,0,0,-5,0,0,8,0,0,0,102,116,123,105,104,97,97,102,110,99,138,147,135,136,138,135,270,74,106,14,18,13,12,12,12,11,11,11,12,12,13,0,0,0,172,-43,0,-11,-23,-66,-65,-5073,-5073,-5073,-5065]} 1. e4 e6 2. d4 d5 3. Nc3 Nf6 4. Bg5 dxe4 5. Nxe4 Be7 6. Nxf6+ Bxf6 7. Bxf6 Qxf6 8. Nf3 O-O 9. Bd3 c5 10. O-O cxd4 11. Nxd4 Rd8 {C13: French: Classical System: 4 Bg5 Be7, Alekhine-Chatard Attack} 12. Nb3 (12. Nf3 Nd7 13. b4 a5 14. Qe1 Qf4 15. Rb1 Qc7 16. Qe4 Nf6 17. Qh4 h6 18. a3 axb4 19. axb4 {0-1 (27) Markovic,M (2586)-Sakaev,K (2629) Herceg Novi 2000}) 12... b6 $146 ({Predecessor:} 12... Nc6 13. Qc1 b6 14. a4 Bb7 15. Be4 Rac8 16. Qe3 Qxb2 17. Rfb1 Qe5 18. a5 f5 19. Bxc6 Qxe3 20. fxe3 Rxc6 {½-½ (44) Haast,A (2232)-Penttinen,J (2258) Eilat 2012}) 13. Qe2 Bb7 $1 {The position is equal.} 14. c3 Nd7 {[%cal Bb8d7,Bd7e5,Be5g6][%mdl 32]} 15. Rfd1 Qf4 (15... h6 {feels hotter.} 16. Be4 Bxe4 17. Qxe4 Nc5 18. Nxc5 bxc5 19. Qe2 Rab8) 16. Ba6 Bxa6 17. Qxa6 Qc7 18. Nd4 Ne5 19. Qe2 Ng6 20. a4 a6 21. g3 e5 (21... h6 $11) 22. Nf5 $16 Rd7 23. Rxd7 Qxd7 24. Qg4 Rd8 25. h4 {h5 is the strong threat.} f6 26. Kh2 Qc7 27. Rd1 $1 {[%cal Rd1d8]} Rxd1 28. Qxd1 Kf8 29. Qd5 a5 (29... Ne7 $16 30. Nxe7 Kxe7) 30. Qa8+ $2 (30. Qe6 $1 $18 {is the precise move to win. Threatens to win with Nd6.} Nh8 31. Nd6) 30... Kf7 31. Qc8 (31. Qe4 $16) 31... Qxc8 $11 32. Nd6+ {[%mdl 64] Double Attack} Ke6 33. Nxc8 {[%mdl 4096] Endgame KN-KN} Kd5 $1 34. Nxb6+ Kc5 35. Nd7+ Kc4 $1 36. h5 Ne7 37. Nf8 Kb3 38. Nxh7 Kxa4 $2 {[#]} (38... Kxb2 $11 {and Black stays safe.} 39. Nxf6 Kb3) 39. Nxf6 $2 (39. b4 $1 $18 {[%mdl 512]}) 39... gxf6 {KN-KP} (39... Kb3 $5 {[%cal Rg7f6]} 40. c4 (40. Ne8 $2 Kxb2 41. Nd6 Kxc3 $19) 40... gxf6 $19) 40. h6 {And now Kh3 would win.} Kb3 41. h7 Ng6 42. Kg2 $2 {[%mdl 8192]} (42. Kh3 $15 Kxb2 43. c4) 42... a4 43. c4 Kxc4 {Accuracy: White = 42%, Black = 49%.} 0-1

[Event "Kragero Resort Chess A 2019"]
[Site "Kragero"]
[Date "2019.02.24"]
[Round "9.22"]
[White "Aarnes, Eirik"]
[Black "Kizatbay, Abyl"]
[Result "0-1"]
[WhiteElo "1843"]
[BlackElo "2084"]
[Annotator "NA RC"]
[PlyCount "76"]
[EventDate "2019.02.20"]
[EventType "swiss"]
[EventCountry "NOR"]
[SourceTitle "playchess.com"]
[Source "ChessBase"]
[SourceQuality "1"]
[TimeControl "5400+30"]

1. e4 {[%emt 0:00:00]} c5 {[%emt 0:00:00]} 2. Nf3 {[%emt 0:00:00]} Nc6 {[%emt 0:00:00]} 3. d4 {[%emt 0:00:00]} cxd4 {[%emt 0:00:00]} 4. Nxd4 {[%emt 0:00:00]} Nf6 {[%emt 0:00:00]} 5. Nc3 {[%emt 0:00:01]} d6 {[%emt 0:00:00]} 6. Bg5 {[%emt 0:02:45]} e6 {[%emt 0:00:51]} 7. Qd2 {[%emt 0:01:15]} a6 {[%emt 0:00:03]} 8. O-O-O {[%emt 0:00:44]} Bd7 {[%emt 0:00:04]} 9. f4 {[%emt 0:02:39]} b5 {[%emt 0:01:05]} 10. e5 {[%emt 0:17:18]} dxe5 {[%emt 0:04:40]} 11. Nxc6 {[%emt 0:00:58]} Bxc6 {[%emt 0:00:20]} 12. Qxd8+ {[%emt 0:00:41]} Rxd8 {[%emt 0:00:04]} 13. Rxd8+ {[%emt 0:00:10]} Kxd8 {[%emt 0:00:04]} 14. fxe5 {[%emt 0:00:09]} h6 {[%emt 0:00:17]} 15. Bxf6+ {[%emt 0:05:58]} gxf6 {[%emt 0:00:05]} 16. exf6 {[%emt 0:00:08]} Bd6 {[%emt 0:08:54]} 17. Bd3 {[%emt 0:02:50]} Bxg2 {[%emt 0:05:29]} 18. Rg1 {[%emt 0:00:57]} Bc6 {[%emt 0:08:47]} 19. h4 {[%emt 0:13:42]} Bf4+ {[%emt 0:04:49]} 20. Kb1 {[%emt 0:04:01]} Be5 {[%emt 0:02:15]} 21. Be4 {[%emt 0:04:15]} Bd7 {[%emt 0:01:21]} 22. Bb7 {[%emt 0:01:08]} Kc7 {[%emt 0:01:47]} 23. Rd1 {[%emt 0:08:50]} Rb8 {[%emt 0:04:07]} 24. Be4 {[%emt 0:07:43]} Bxf6 {[%emt 0:02:41]} 25. Rf1 {[%emt 0:00:21]} Bxc3 {[%emt 0:00:43]} 26. bxc3 {[%emt 0:00:06]} f5 {[%emt 0:00:04]} 27. Bd3 {[%emt 0:01:33]} Rg8 {[%emt 0:02:26]} 28. c4 {[%emt 0:03:45]} Rg4 {[%emt 0:02:57]} 29. cxb5 {[%emt 0:00:12]} axb5 {[%emt 0:00:27]} 30. h5 {[%emt 0:01:05]} Rh4 {[%emt 0:01:12]} 31. Be2 {[%emt 0:00:07]} Rh2 {[%emt 0:03:26]} 32. Re1 {[%emt 0:00:15]} e5 {[%emt 0:02:45]} 33. Kb2 {[%emt 0:01:02]} Kb6 {[%emt 0:11:35]} 34. Bd1 {[%emt 0:05:27]} e4 {[%emt 0:00:48]} 35. Kc3 {[%emt 0:00:50]} Kc5 {[%emt 0:01:21]} 36. Rf1 {[%emt 0:00:36]} b4+ {[%emt 0:01:06]} 37. Kb2 {[%emt 0:00:26]} e3 {[%emt 0:01:05]} 38. Bf3 {[%emt 0:01:00]} Rf2 {[%emt 0:00:51]} 0-1

[Event "Kragero Resort Chess A 2019"]
[Site "Kragero"]
[Date "2019.02.24"]
[Round "9.23"]
[White "Ingebretsen, Jens E"]
[Black "Boe, Oeyvind"]
[Result "1-0"]
[WhiteElo "2297"]
[BlackElo "1908"]
[Annotator "TA"]
[PlyCount "75"]
[EventDate "2019.02.20"]
[EventType "swiss"]
[EventCountry "NOR"]
[SourceTitle "playchess.com"]
[Source "ChessBase"]
[SourceQuality "1"]

{[%evp 16,75,36,26,45,6,6,0,0,0,0,-121,-45,-56,-67,-89,-80,-80,-83,-81,-80,-103,-130,-121,-87,-96,0,0,0,0,0,0,0,-144,-131,-156,-133,-138,-85,-91,-6,-14,-13,-16,-13,-22,0,0,544,547,539,537,537,538,530,515,649,634,603,582,503,508]} 1. e4 c5 2. Ne2 e6 3. d4 cxd4 4. Nxd4 Nc6 5. Nc3 Qc7 6. g3 a6 7. Bg2 Nf6 8. O-O Be7 9. Be3 h5 {B47: Sicilian: Taimanov: 5 Nc3 Qc7 6 f4, 6 g3 and 6 Be2} (9... d6 10. Nxc6 bxc6 11. Na4 Rb8 12. c4 c5 13. Qe2 Bb7 14. Nc3 Bc6 15. Rad1 O-O 16. f4 Qb7 17. Bc1 Rfd8 18. g4 Bf8 {1-0 (37) Palac,M (2540)-Jovanic,O (2512) Biograd 2018}) 10. Re1 Ng4 $146 ({Predecessor:} 10... h4 11. Qd2 Ng4 12. Bf4 d6 13. h3 hxg3 14. hxg4 gxf2+ 15. Kxf2 Nxd4 16. Qxd4 e5 17. Nd5 Qxc2+ {½-½ (41) Fizer,M (1764)-Ozen,S (1533) Riga 2018}) 11. Nf5 Nxe3 {The position is equal.} 12. Rxe3 Bc5 13. Re1 (13. Nxg7+ $11 {was the only way to keep the balance.} Kf8 14. Nxh5) 13... Kf8 (13... exf5 $17 14. exf5+ Kf8) 14. Ne3 h4 15. Qe2 hxg3 16. hxg3 b5 17. Rad1 Bb7 18. Rd2 Ne5 19. Ncd1 g6 20. a3 f5 (20... Bc6 $17 21. b3 g5) 21. exf5 $1 $11 {Nd5 is the strong threat.} Bxg2 (21... gxf5 $6 22. Nd5 $16) 22. Nxg2 Nc4 {Hoping for ...Qxg3.} 23. Rd3 gxf5 24. Nf4 {[#]} (24. b3 $11 Nxa3 25. Qe5 Qxe5 26. Rxe5) 24... Rh6 $1 $17 25. Qf3 Re8 26. Ng2 Kg7 (26... Kf7 $142 {aiming for ...Reh8.} 27. Nh4 (27. Qf4 $2 Reh8 $19) 27... Reh8) 27. b3 Reh8 ({Better is} 27... Ne5 $17 28. Qf4 d6) 28. Nh4 $11 Ne5 29. Qf4 d6 30. Rc3 $1 {And now b4 would win.} Ng6 31. Qg5 Kf7 $2 {[%mdl 8192] [#]} (31... Qd7 $11 {and Black stays safe.} 32. b4 Bb6 33. Rxe6 {[%mdl 64] Remove Defender} Qxe6 34. Nxf5+ {[#]} Qxf5 $1 {[%mdl 512]} 35. Qxf5 Rh1+ 36. Kg2 R8h2+ 37. Kf3 Rxd1) 32. Rxe6 $1 $18 {[%mdl 576] Remove Defender. White is clearly winning.} Kxe6 33. Qxf5+ Ke7 34. Nxg6+ Rxg6 35. Qxg6 Rf8 36. Qe4+ Kd7 37. Qh7+ Kd8 38. Qxc7+ {Accuracy: White = 47%, Black = 51%.} 1-0

[Event "Kragero Resort Chess A 2019"]
[Site "Kragero"]
[Date "2019.02.24"]
[Round "9.24"]
[White "Kvaloy, Aksel Bu"]
[Black "Mashinskaya, Iulia"]
[Result "1/2-1/2"]
[WhiteElo "2066"]
[BlackElo "2261"]
[Annotator "TA"]
[PlyCount "49"]
[EventDate "2019.02.20"]
[EventType "swiss"]
[EventCountry "NOR"]
[SourceTitle "playchess.com"]
[Source "ChessBase"]
[SourceQuality "1"]

{[%evp 13,49,35,29,18,35,28,30,29,33,31,40,40,44,12,25,12,16,14,23,0,0,-2,-4,-47,0,0,0,0,0,-8,15,10,27,0,0,1,0,12]} 1. e4 c5 2. Nf3 Nc6 3. Bb5 g6 4. O-O Bg7 5. Bxc6 dxc6 6. d3 e5 7. h3 Qe7 8. a3 {[%cal Ba2a3,Ba3a4][%mdl 32] B31: Sicilian: 2...Nc6 3 Bb5 g6} (8. Nbd2 Be6 9. a3 g5 10. Nc4 O-O-O 11. Bxg5 f6 12. Bd2 Nh6 13. b3 Rhg8 14. Kh1 Bf8 15. Bxh6 Bxh6 {½-½ (57) Howell,D (2655)-Lupulescu,C (2609) Novi Sad 2016}) 8... a5 9. a4 Nf6 10. Na3 {White has an edge.} Nd7 $146 ({Predecessor:} 10... O-O 11. Nc4 Nd7 12. Bd2 b6 13. Bc3 Rb8 14. b3 f6 {1-0 (29) Minasian,A (2425)-Faibisovich,V (2410) Decin 1996}) 11. Nc4 b6 12. b3 Ba6 13. Ba3 O-O (13... Bxc4 $5 14. bxc4 Bh6 $11) 14. Qd2 Rab8 15. Qe3 Rfe8 16. Rfb1 f6 17. Nfd2 Qd8 18. c3 Qc7 19. b4 axb4 20. cxb4 cxb4 21. Bxb4 {[#] And now Bd6 would win.} Bf8 22. Bxf8 Rxf8 23. d4 Bxc4 24. Nxc4 b5 25. Nd2 {Accuracy: White = 32%, Black = 67%.} 1/2-1/2